Normal view MARC view
  • Problemas emocionales de niños

Entry Materia

Number of records used in: 54

001 - NÚMERO DE CONTROL DEL REGISTRO

  • campo de control: 10678

003 - IDENTIFICADOR DE NUMERO DE CONTROL

  • campo de control: DLC

005 - FECHA Y HORA DE LA ÚLTIMA TRANSACCIÓN

  • campo de control: 20241021125933.0

008 - DATOS DE LONGITUD FIJA

  • campo de control de longitud fija: 241021n||acannbabn n ana |d

010 ## - NÚMERO DE CONTROL DE LA BIBLIOTECA DEL CONGRESO (LC)

  • LC control number: sh 85042817

035 ## - NÚMERO DE CONTROL DEL SISTEMA

  • Número de control del sistema: UPN10000010685

035 ## - NÚMERO DE CONTROL DEL SISTEMA

  • Número de control del sistema: (DLC)sh 85042817

035 ## - NÚMERO DE CONTROL DEL SISTEMA

  • Número de control del sistema: (DLC)41389

040 ## - FUENTE DE LA CATALOGACIÓN

  • Lengua de catalogación: spa
  • Agencia de transcripción: DLC
  • Centro catalogador de origen: DLC
  • Agencia de modificación: DLC
  • Agencia de modificación: MX-MxUPN

053 #4 - NÚMERO CLASIFICADOR - BIBLIOTECA DEL CONGRESO (LC)

  • Elemento numérico de la clasificación - Número único o no. inicial del rango: BF723 E598

150 ## - ENCABEZAMIENTO - TEMÁTICO

  • Término de materia o nombre geográfico como elemento inicial: Problemas emocionales de niños

450 ## - VÉASE - MATERIA

  • Encabezamiento temático: Niños -
  • Subdivisión temática general: Problemas emocionales

670 ## - FUENTE EN LA QUE SE LOCALIZARON DATOS

  • Cita de la fuente: Autoridades LC, 21 octubre 2024 :
  • Información localizada: (Emotional problems of children)
  • Identificador Uniforme del Recurso: https://lccn.loc.gov/sh85042817

902 ## - CATALOGADOR

  • Catalogador: MEEG/021097
  • Catalogador: MaríaRobles/211024